Vodnyje režimy teplovych i atomnych elektrostancij : učebnik dlja vuzov /
Uložené v:
| Hlavní autori: | , |
|---|---|
| Médium: | Kniha |
| Jazyk: | Russian |
| Vydané: |
Moskva :
Vysšaja škola,
1987
|
| Vydanie: | 1. izd. |
| ISBN: |
(viaz.) |
| Fyzický popis: |
318 s. |
| Tagy: |
Pridať tag
Žiadne tagy, Buďte prvý kto otaguje tento záznam!
|
Titul je dostupný aj v ... 

MARC
| LEADER | 00000nam a2200000 a 4500 | ||
|---|---|---|---|
| 001 | 000288621 | ||
| 005 | 20061211182925.0 | ||
| 008 | 061211s1987 ru e 000 0 ruso | ||
| 020 | |a (viaz.) | ||
| 040 | |a SVKKK |b slo |c SVKKK |e AACR2 | ||
| 041 | 0 | |a rus | |
| 044 | |a ru |c RU | ||
| 100 | 1 | |a Margulova, Tereza Christoforovna |4 aut | |
| 245 | 1 | 0 | |a Vodnyje režimy teplovych i atomnych elektrostancij : |b učebnik dlja vuzov / |c Tereza Christoforovna Margulova, Ol´ga Isakovna Martynova |
| 250 | |a 1. izd. | ||
| 260 | |a Moskva : |b Vysšaja škola, |c 1987 | ||
| 300 | |a 318 s. | ||
| 700 | 1 | |a Martynova, Ol´ga Isakovna |4 aut | |
| 998 | |a BK | ||
| 090 | |g SCKHL |k Sklad Pribinova 2. posch. |a III.150587 |j 772905 |i B91785 |4 Zastaraná |s Vyradená | ||